000 02006cam a2200313 i 4500
001 22786988
005 20250616095022.0
008 220828s2023 enk b 000 0 eng
010 _a 2022033522
020 _a9781839767036
040 _aLBSOR/DLC
_beng
_erda
_cDLC
_dDLC
041 _aeng
042 _apcc
050 0 0 _aBF531
_b.G68 2023
100 _aGotby, Alva,
_eauthor.
_925409
245 1 0 _aThey call it love
_b: the politics of emotional life
_c/ Alva Gotby.
264 1 _aLondon ;
_aNew York :
_bVerso,
_c2023.
300 _axxiii, 167 pages ;
_c22 cm
504 _aIncludes bibliographical references.
505 0 _aEmotional reproduction — The political economy of love — Gendering work — Feminist emotions — A different feeling.
520 _aComforting a family member or friend, soothing children, providing company for the elderly, ensuring that people feel well enough to work; this is all essential labour. Without it, capitalism would cease to function. They Call It Love investigates the work that makes a haven in a heartless world, examining who performs this labour, how it is organised, and how it might change. In this groundbreaking book, Alva Gotby calls this work 'emotional reproduction', unveiling its inherently political nature. It not only ensures people's well-being but creates sentimental attachments to social hierarchy and the status quo. Drawing on the thought of the feminist movement Wages for Housework, Gotby demonstrates that emotion is a key element of capitalist reproduction. To improve the way we relate to one another will require a radical restructuring of society.
_cProvided by publisher.
650 0 _aWork
_xPsychological aspects
_98000
650 0 _aCapitalism
_xPsychological aspects
_911409
650 0 _aWomen caregivers
_xPsychology.
650 0 _aWomen caregivers
_xSocial conditions.
650 0 _aFeminist theory.
_924369
942 _2lcc
999 _c4727
_d4727